00502nam a2200169 a 450000100060000000300090000600800410001502000150005604000280007108200180009910000220011724500830013926000510022230000110027365000130028465000350029718569CO-ViMGA141112s2004 ck r 000 u spa d a968165997X aCO-ViMGAbspacCO-ViMGA04a616.8982 M3541 aMinkowski, Eugene10aLa Esquizofrenia : bPsicopatología de los esquizoides y los esquizofrenicos aMexico, cFondo de cultura económica, c2000 a230.p.14aDEMENCIA14aESQUIZOFRENIA - PSICOPATOLOGIA